000 01635nam0a22003371 4500
001 rc\3816125
005 20260407112553.0
021 _aRU
_b[75-38135]
035 _a(NLR Aleph) 007273831
090 _a5437712
_c5437712
100 _a20120410d1975 |||y0rusy50 ca
101 0 _arus
102 _aRU
_aRU
105 _aa z |||||
200 1 _aНадежность "горячих" нефтепроводов
_fМ-во нефт. пром-сти. Всесоюз. науч.-исслед. ин-т организации, управления и экономики нефтегазовой пром-сти
210 _aМосква
_cВНИИОЭНГ
_d1975
215 _a84 с.
_cчерт.
_d20
225 1 _a[Тематические научно-технические обзоры]
_iСерия "Транспорт и хранение нефти и нефтепродуктов"
300 _aНа обороте тит. л. авт.: Азметов Х.А. Березин В.Л., Бородавкин П.П., Ясин Э.М.
320 _aСписок лит.: с. 81-83 (36 назв.)
606 _aНефтепроводы магистральные
_xНадежность
_2psbo
701 1 _aБородавкин
_bП.П.
701 1 _aЯсин
_bЭ.М.
701 1 _aБерезин
_bВ.Л.
701 1 _aАзметов
_bХ.А.
712 0 2 _aВНИИ организации, управления и экономики нефтегазовой промышленности
_3RU\NLR\AUTH\889941164
_9377182
801 0 _aRU
_bNLR
_gpsbo
801 1 _aRU
_bELAR
_2rusmarc
852 _aNLR
_j75-4/7892
942 _cBOOK
980 _aNB